| 000 | 00491nam a2200157 a 4500 | ||
|---|---|---|---|
| 001 | 000022863 | ||
| 005 | 20200930021837.0 | ||
| 008 | 101119s1986 ru r 000 0 spa d | ||
| 040 |
_aDO-SdBNP _bspa _cBNPHU |
||
| 082 |
_axxxx _bxxxx |
||
| 100 | 1 |
_aJachaturov, Karén. _946991 |
|
| 245 | 1 | 0 |
_aAmérica Latina y la estrategia global del imperialismo / _cKarén Jachaturov. |
| 260 |
_aMoscú : _bAgencia de Prensa Nóvosti, _c1986. |
||
| 300 |
_a99 p. ; _c16 cm. |
||
| 590 | _aInventariado, 2019/BT | ||
| 999 |
_c22360 _d22360 |
||